000 00417nam a2200169Ia 4500
008 100308t1963 xxu||||| |||| 00| 0 sin d
041 _asin
080 _aX8S31
_bWIC
100 _aWickramasinghe, K.D.P.
245 _aහුදෙකලාව
246 _aHudekalava
260 _bGunasena
_a.Colombo
_c1963
300 _a202p., 16 cm
942 _cBK
999 _c69606
_d69606
003 LK-CoDNM
040 _aLK-CoDNM
_dLK-CoDNM
_eLK-CoDNM